000 00481nam a2200181Ia 4500
003 GCL
008 140319s9999 xx 000 0 eng d
040 _aGCL /
_cGCL
082 0 4 _a751422
_bH P
100 1 _aHILL, TOM
245 1 0 _aPAINTING WATERCOLOURS ON LOCATION WITH TOMHILL /
_cHILL, TOM
260 _a[S.N] :
_bNORTH LIGHT BOOKS ،
_c1996
300 _a127 P
650 0 4 _aWATER COLOUR - PAINTING
650 0 4 _aARTS
650 0 4 _aPAINTING - TECHNIQUE
942 _2ddc
_cBK
999 _c15673
_d15673